000
00302 a2200109 4500
001
ART_42020
005
20260410161815.0
008
260409a
245
1
0
_a
Los oficios del jurista
100
1
_a
Binder, Alberto M.
773
0
_t
Academia
_g
- Año 3, Nº 5 (mar./jun. 2005)
_w
REV4314
999
_c
21810
_d
21810